Normal view
MARC view
- Lillesand, Thomas.
Entry Personal Name
001 - CONTROL NUMBER
- control field: 6582
003 - CONTROL NUMBER IDENTIFIER
- control field: OSt
005 - DATE AND TIME OF LATEST TRANSACTION
- control field: 20241224160149.0
008 - FIXED-LENGTH DATA ELEMENTS
- fixed length control field: 241224|| aca||aabn | a|a d
040 ## - CATALOGING SOURCE
- Original cataloging agency: OSt
- Transcribing agency: OSt
100 ## - HEADING--PERSONAL NAME
- Personal name: Lillesand, Thomas.
- Personal name: Chipman Jonathan, W
670 ## - SOURCE DATA FOUND
- Source citation: Work cat.: (OSt)4856: Lillesand, Thomas. Chipman Jonathan, W, Remote sensing and image interpretation / , 2013
